| 000 -LEADER |
| fixed length control field |
00737cam a22002298i 4500 |
| 003 - CONTROL NUMBER IDENTIFIER |
| control field |
OSt |
| 005 - DATE AND TIME OF LATEST TRANSACTION |
| control field |
20200317104535.0 |
| 008 - FIXED-LENGTH DATA ELEMENTS--GENERAL INFORMATION |
| fixed length control field |
160401s2016 cau b 001 0 eng |
| 020 ## - INTERNATIONAL STANDARD BOOK NUMBER |
| International Standard Book Number |
9789351509981 (pbk. : alk. paper) |
| 040 ## - CATALOGING SOURCE |
| Original cataloging agency |
DNAL/DLC |
| Language of cataloging |
eng |
| Description conventions |
rda |
| Transcribing agency |
DNAL |
| 082 00 - DEWEY DECIMAL CLASSIFICATION NUMBER |
| Classification number |
307.116 |
| Edition number |
23 |
| Item number |
KAT |
| 100 1# - MAIN ENTRY--PERSONAL NAME |
| Personal name |
Singh, Katar, |
| Dates associated with a name |
1939- |
| Relator term |
author. |
| 245 10 - TITLE STATEMENT |
| Title |
Rural development : |
| Remainder of title |
principles, policies and management / |
| Statement of responsibility, etc |
Katar Singh and Anil Shishodia. |
| 250 ## - EDITION STATEMENT |
| Edition statement |
[Revised 4th edition]. |
| 263 ## - PROJECTED PUBLICATION DATE |
| Projected publication date |
1608 |
| 300 ## - PHYSICAL DESCRIPTION |
| Extent |
pages cm |
| 504 ## - BIBLIOGRAPHY, ETC. NOTE |
| Bibliography, etc |
Includes bibliographical references and index. |
| 650 #0 - SUBJECT ADDED ENTRY--TOPICAL TERM |
| Topical term or geographic name as entry element |
Rural development. |
| 650 #0 - SUBJECT ADDED ENTRY--TOPICAL TERM |
| Topical term or geographic name as entry element |
Rural development |
| Geographic subdivision |
India |
| Form subdivision |
Case studies. |
| 700 1# - ADDED ENTRY--PERSONAL NAME |
| Personal name |
Shishodia, Anil, |
| Dates associated with a name |
1962- |
| Relator term |
author. |
| 942 ## - ADDED ENTRY ELEMENTS (KOHA) |
| Source of classification or shelving scheme |
|